[Event "AUTO-MASTER-878"]
[Site "http://www.queenalice.com/game.php?id=636816"]
[Date "2009.8.15"]
[Round "1"]
[White "rheenz"]
[Black "declodi"]
[Result "0-1"]
[WhiteElo "2153"]
[BlackElo "2149"]

1. e4 c5 2. Nf3 e6 3. Nc3 a6 4. a4 Qc7 5. Be2 Nf6 6. O-O Nc6 7. b3 Be7 8. Bb2
O-O 9. h3 d5 10. d3 b6 11. Re1 Bb7 12. exd5 exd5 13. Bf1 Rfe8 14. Qd2 d4 15. Ne4
Nd5 16. Bc1 f5 17. Ng3 g6 18. Bb2 Bf6 19. Rxe8+ Rxe8 20. Re1 Qd7 21. Ne2 Kg7 22.
Bc1 Ne5 23. Nxe5 Bxe5 24. Qh6+ Kg8 25. Bd2 Bc7 26. Ng3 Ne3 27. Nh5 gxh5 28. fxe3
Re6 29. Qxh5 Qd6 0-1

[Event "AUTO-MASTER-878"]
[Site "http://www.queenalice.com/game.php?id=636817"]
[Date "2009.8.15"]
[Round "1"]
[White "declodi"]
[Black "rheenz"]
[Result "1-0"]
[WhiteElo "2136"]
[BlackElo "2175"]

1. e4 e6 2. d4 d5 3. Nd2 Nf6 4. e5 Nfd7 5. Bd3 c5 6. c3 Nc6 7. Ne2 cxd4 8. cxd4
Bb4 9. O-O O-O 10. a3 Bxd2 11. Bxd2 f5 12. exf6 Nxf6 13. Bc3 Qe8 14. f4 Ng4 15.
Rf3 Ne7 16. h3 Nh6 17. g4 g6 18. Qd2 Rf7 19. f5 Nhxf5 20. gxf5 Nxf5 21. Bxf5
Rxf5 22. Raf1 Bd7 23. Bb4 Bb5 24. Rxf5 exf5 25. Re1 Qd8 26. Qh6 Qf6 27. Nc3
Qxd4+ 28. Kg2 Qd3 29. Nxb5 Rc8 30. Nc3 1-0

[Event "AUTO-OPEN-1495"]
[Site "http://www.queenalice.com/game.php?id=644292"]
[Date "2009.8.29"]
[Round "2"]
[White "dnptrs"]
[Black "declodi"]
[Result "1-0"]
[WhiteElo "2061"]
[BlackElo "2147"]

1. d4 Nf6 2. Nf3 e6 3. e3 c5 4. c4 b6 5. Nc3 Bb7 6. Be2 d6 7. dxc5 bxc5 8. O-O
Be7 9. Qc2 O-O 10. Rd1 a6 11. e4 Qc7 12. b3 Nc6 13. Bd3 Nb4 14. Qb1 Nxd3 15.
Qxd3 Rad8 16. Bf4 h6 17. Qe2 1-0

[Event "AUTO-OPEN-1495"]
[Site "http://www.queenalice.com/game.php?id=644293"]
[Date "2009.8.29"]
[Round "2"]
[White "declodi"]
[Black "dnptrs"]
[Result "0-1"]
[WhiteElo "2163"]
[BlackElo "2040"]

1. e4 c5 2. Nf3 e6 3. d4 cxd4 4. Nxd4 Nc6 5. Be3 Qc7 6. Nc3 d6 7. g4 Bd7 8. Qe2
a6 9. O-O-O Nxd4 10. Bxd4 Ne7 11. h4 Nc6 12. Be3 b5 13. a3 Be7 0-1

[Event "AUTO-OPEN-1495"]
[Site "http://www.queenalice.com/game.php?id=644296"]
[Date "2009.8.29"]
[Round "2"]
[White "QuinhoFogo"]
[Black "declodi"]
[Result "1-0"]
[WhiteElo "1621"]
[BlackElo "2186"]

1. e4 c5 2. d3 Nc6 3. a3 Nf6 4. f3 d5 5. Be2 e5 6. Bg5 Be7 7. Bxf6 Bxf6 8. c4
dxc4 9. dxc4 Nd4 10. Nc3 Be6 11. Nd5 1-0

[Event "AUTO-OPEN-1495"]
[Site "http://www.queenalice.com/game.php?id=644297"]
[Date "2009.8.29"]
[Round "2"]
[White "declodi"]
[Black "QuinhoFogo"]
[Result "1-0"]
[WhiteElo "2146"]
[BlackElo "1576"]

1. e4 e5 2. Nf3 Nc6 3. Bb5 f6 4. d4 a6 5. Ba4 exd4 6. Bxc6 dxc6 7. Qxd4 Qxd4 8.
Nxd4 Bc5 9. Be3 Bxd4 10. Bxd4 b6 11. Nc3 Be6 12. O-O-O Rd8 13. a4 c5 14. Be3
Rxd1+ 15. Rxd1 c6 16. a5 b5 17. Bxc5 Ne7 18. Rd6 Kf7 19. Ne2 Nc8 20. Rxc6 g6 21.
Nd4 Ba2 22. Rc7+ Kg8 23. Rxc8+ Kg7 24. Rxh8 Kxh8 25. b3 h5 26. Kb2 Bxb3 27. Kxb3
Kg7 28. Nxb5 axb5 29. a6 f5 30. exf5 gxf5 31. a7 f4 32. a8=Q h4 33. Qf8+ Kg6 34.
Be7 h3 35. Qf6+ Kh5 36. Qg5# 1-0

[Event "AUTO-MASTER-707"]
[Site "http://www.queenalice.com/game.php?id=693015"]
[Date "2009.12.4"]
[Round "2"]
[White "jhonystrike"]
[Black "declodi"]
[Result "0-1"]
[WhiteElo "2235"]
[BlackElo "2103"]

1. d4 Nf6 2. c4 e6 3. Nf3 b6 4. g3 Bb7 5. Bg2 Be7 6. O-O O-O 7. Nc3 d5 8. Ne5
Nbd7 9. Qa4 c6 10. Nxc6 Bxc6 11. Qxc6 Rc8 12. Qa4 Rxc4 13. Qxa7 Rxd4 14. Bf4 Rc4
15. Rfd1 Bc5 16. e4 Ng4 17. Rd2 g5 18. Bc7 Bxf2+ 19. Rxf2 Rxc7 20. Qa4 Nxf2 21.
Kxf2 Nc5 0-1

[Event "AUTO-MASTER-707"]
[Site "http://www.queenalice.com/game.php?id=693016"]
[Date "2009.12.4"]
[Round "2"]
[White "declodi"]
[Black "jhonystrike"]
[Result "0-1"]
[WhiteElo "2124"]
[BlackElo "2166"]

1. e4 Nf6 2. e5 Nd5 3. d4 d6 4. f4 dxe5 5. fxe5 c5 6. c4 Nb4 7. d5 Bf5 8. Na3 e6
9. Qf3 Qh4+ 10. g3 Qe4+ 11. Be2 Nd3+ 12. Kf1 Nxe5 13. Qg2 Nbd7 14. Nb5 Kd8 15.
Nc3 Qxg2+ 16. Kxg2 exd5 17. cxd5 a6 18. Bf4 Bd6 19. Nf3 Kc7 20. Nh4 Bc2 21. Rhf1
h6 22. Rac1 Bh7 23. Bd2 Rhe8 24. Nf5 Bf8 25. Rcd1 c4 26. a4 b6 27. g4 Rac8 28.
Bf4 Kb7 29. Bg3 Bxf5 30. Rxf5 f6 31. h3 Bb4 32. Ne4 Nd3 33. Bf3 Nxb2 34. Rb1 c3
0-1

[Event "AUTO-MASTER-707"]
[Site "http://www.queenalice.com/game.php?id=693019"]
[Date "2009.12.4"]
[Round "2"]
[White "declodi"]
[Black "DenisDiaz"]
[Result "1-0"]
[WhiteElo "2079"]
[BlackElo "1985"]

1. e4 d5 2. exd5 Qxd5 3. Nc3 Qa5 4. d4 e6 5. Nf3 c5 6. Bd2 cxd4 7. Nxd4 a6 8.
Qf3 Nf6 9. O-O-O Be7 10. Bd3 Qc7 11. Kb1 Bd7 12. Bf4 Qc8 13. Be2 Nc6 14. Qg3 g6
15. Bh6 Bf8 16. Bxf8 Kxf8 17. h4 h5 18. f3 Qb8 19. Qg5 Ng8 20. Nb3 Qc7 21. Ne4
Qd8 22. Nbc5 1-0

[Event "AUTO-MASTER-772"]
[Site "http://www.queenalice.com/game.php?id=699965"]
[Date "2009.12.18"]
[Round "2"]
[White "declodi"]
[Black "Alligator427"]
[Result "0-1"]
[WhiteElo "2116"]
[BlackElo "2285"]

1. e4 d5 2. exd5 Qxd5 3. Nc3 Qa5 4. d4 Nf6 5. Nf3 Bg4 6. Be2 c6 7. Bd2 Qc7 8. h3
Bh5 9. O-O e6 10. Ne5 Bxe2 11. Qxe2 Bd6 12. f4 Nbd7 0-1

[Event "AUTO-OPEN-1658"]
[Site "http://www.queenalice.com/game.php?id=731480"]
[Date "2010.2.13"]
[Round "2"]
[White "Calamas"]
[Black "declodi"]
[Result "1-0"]
[WhiteElo "2420"]
[BlackElo "2131"]

1. e4 c5 2. Nf3 e6 3. d3 d5 4. Nbd2 Nc6 5. g3 Bd6 6. Bg2 Nge7 7. O-O O-O 8. b3
Bd7 9. Bb2 Qc7 10. Qe2 f6 11. Rac1 Rad8 12. Rfe1 Rfe8 13. e5 fxe5 14. Nxe5 Nxe5
15. Bxe5 Bxe5 16. Qxe5 Qxe5 17. Rxe5 Nc6 18. Re3 Nb4 19. a3 Na2 20. Rce1 Nc3 21.
a4 b6 22. Bh3 Kf7 23. Nf3 Kf6 24. Ne5 Ke7 25. Nxd7 Kxd7 26. Rxe6 Rxe6 27. Rxe6
Kc7 28. Re7+ Kb8 29. Bg4 1-0

[Event "AUTO-OPEN-1658"]
[Site "http://www.queenalice.com/game.php?id=731481"]
[Date "2010.2.13"]
[Round "2"]
[White "declodi"]
[Black "Calamas"]
[Result "0-1"]
[WhiteElo "2120"]
[BlackElo "2404"]

1. e4 c6 2. d4 d5 3. e5 Bf5 4. Nf3 e6 5. Be2 Nd7 6. O-O Bg6 7. Nbd2 Nh6 8. Ne1
Be7 9. Ndf3 Nf5 10. Nd3 O-O 11. c3 Qb6 12. Nf4 a5 13. Nxg6 hxg6 14. Rb1 a4 15.
g4 Nh4 16. Nxh4 Bxh4 17. g5 c5 18. Be3 c4 19. f4 f6 20. Qd2 Rf7 21. Kg2 Raf8 22.
b3 cxb3 23. axb3 a3 24. Bd3 fxe5 25. dxe5 Qc6 26. Kh3 Bxg5 27. fxg5 d4 28. Bf4
dxc3 29. Qe3 Qb6 30. Bxg6 Qxe3+ 0-1

[Event "AUTO-MASTER-878"]
[Site "http://www.queenalice.com/game.php?id=743242"]
[Date "2010.3.8"]
[Round "2"]
[White "deltaboy"]
[Black "declodi"]
[Result "0-1"]
[WhiteElo "2242"]
[BlackElo "2108"]

1. Nf3 d5 2. g3 Nf6 3. Bg2 c6 4. O-O Bg4 5. Ne5 Bh5 6. d4 e6 7. Bg5 Be7 8. f3
Nbd7 9. g4 Bg6 10. Nxg6 hxg6 11. Bf4 Qb6 12. b3 e5 13. Be3 Nf8 14. Bf2 Qc7 15.
Bg3 Bd6 16. h3 Ne6 17. e3 O-O-O 18. c3 exd4 19. Bxd6 Qxd6 20. cxd4 Ng5 21. Kf2
Nxh3+ 22. Bxh3 Rxh3 23. Ke2 Qg3 24. Kd3 Re8 25. Nd2 Nxg4 26. fxg4 Qxe3+ 27. Kc2
Qc3+ 28. Kb1 Rh2 29. Qc2 Qxd4 30. Nf3 Qxa1+ 31. Kxa1 Rxc2 0-1

[Event "AUTO-MASTER-878"]
[Site "http://www.queenalice.com/game.php?id=743243"]
[Date "2010.3.8"]
[Round "2"]
[White "declodi"]
[Black "deltaboy"]
[Result "0-1"]
[WhiteElo "2117"]
[BlackElo "2226"]

1. e4 e6 2. d4 d5 3. Nd2 Be7 4. Ngf3 Nf6 5. Bd3 dxe4 6. Nxe4 O-O 7. O-O c6 8.
Nxf6+ Bxf6 9. c3 Nd7 10. Qe2 Re8 11. Bf4 Nf8 12. Ne5 Ng6 13. Bg3 Re7 14. Rfd1 a5
15. h4 Nf8 16. h5 Bd7 17. Ng4 Re8 18. h6 g6 19. Be5 Be7 20. Qf3 f5 21. Ne3 Bf6
22. Nc4 Be7 23. Qg3 Bh4 24. Qh2 b5 25. Nd6 Be7 26. Nxe8 Bxe8 27. f3 Ra7 28. a4
Rb7 29. g4 Qd5 0-1

[Event "AUTO-MASTER-878"]
[Site "http://www.queenalice.com/game.php?id=743246"]
[Date "2010.3.8"]
[Round "2"]
[White "HILITO"]
[Black "declodi"]
[Result "0-1"]
[WhiteElo "2105"]
[BlackElo "2119"]

1. e4 c5 2. Nf3 e6 3. d3 Nc6 4. g3 g6 5. Bg2 Bg7 6. Nbd2 Nge7 7. O-O O-O 8. c3
d5 9. Re1 b6 10. Qc2 Bb7 11. Nf1 Qd7 12. h3 Rac8 13. g4 d4 14. c4 h6 15. Bf4 g5
16. Bh2 f5 17. exf5 exf5 18. Ne5 Nxe5 19. Bxe5 Bxe5 20. Rxe5 Bxg2 21. Kxg2 fxg4
22. hxg4 Qxg4+ 23. Ng3 Nf5 24. Qe2 Nh4+ 25. Kh2 Nf3+ 26. Kg2 Nxe5 27. Qxe5 Qf3+
28. Kh3 Rce8 29. Qd5+ Qxd5 30. cxd5 Rxf2 31. b3 Re3 32. d6 Kf7 33. Kg4 Rg2 0-1

[Event "AUTO-MASTER-878"]
[Site "http://www.queenalice.com/game.php?id=743247"]
[Date "2010.3.8"]
[Round "2"]
[White "declodi"]
[Black "HILITO"]
[Result "0-1"]
[WhiteElo "2113"]
[BlackElo "2043"]

1. e4 c6 2. d4 d5 3. e5 Bf5 4. Nf3 e6 5. Be2 Nd7 6. O-O h5 7. c4 Bb4 8. Qb3 Ba5
9. Qxb7 Ne7 10. cxd5 Nxd5 11. Na3 O-O 12. Qxc6 Rc8 13. Qa4 Bb6 14. Bd2 Bg6 15.
Rac1 Qe7 16. Nb5 Nb8 17. Nd6 Rxc1 18. Rxc1 f6 19. Nc8 Qb7 20. Nxb6 Nxb6 21. Qb3
Qd5 22. exf6 Rxf6 23. Qxd5 exd5 24. Ne5 Be8 25. Rc7 Nc6 26. Nxc6 Rxc6 27. Rxc6
Bxc6 28. Bxh5 Nc4 29. Bc3 Kh7 30. g4 g6 31. Bxg6+ Kxg6 32. h4 Nd6 33. f3 Bd7 34.
Kf2 a6 35. h5+ Kf6 36. Kg3 Nb5 37. f4 Nxc3 38. bxc3 Be8 39. Kh4 a5 40. Kg3 Bf7
41. Kh4 Kg7 42. g5 Be6 43. Kg3 Bf5 44. a3 a4 0-1

[Event "AUTO-MASTER-878"]
[Site "http://www.queenalice.com/game.php?id=743250"]
[Date "2010.3.8"]
[Round "2"]
[White "declodi"]
[Black "amand"]
[Result "0-1"]
[WhiteElo "2128"]
[BlackElo "2262"]

1. e4 e6 2. d4 d5 3. Nd2 dxe4 4. Nxe4 Nd7 5. Nf3 Ngf6 6. Nxf6+ Nxf6 7. Bd3 Be7
8. O-O O-O 9. Ne5 Nd7 10. Qg4 f5 11. Qg3 Nxe5 12. dxe5 Qe8 13. Rd1 Bd7 14. Bc4
Kh8 15. Bf4 Rd8 16. Qb3 Bc6 17. Rxd8 Bxd8 18. Bxe6 g5 19. Bd2 Be7 20. Bc3 h5 0-1

[Event "AUTO-MASTER-878"]
[Site "http://www.queenalice.com/game.php?id=743251"]
[Date "2010.3.8"]
[Round "2"]
[White "amand"]
[Black "declodi"]
[Result "1-0"]
[WhiteElo "2261"]
[BlackElo "2119"]

1. e4 c5 2. Bc4 e6 3. Nc3 a6 4. a4 Nc6 5. Nge2 Nf6 6. d3 Be7 7. O-O O-O 8. Ng3
h6 9. f4 d5 10. Ba2 d4 11. Nce2 b5 12. e5 Nd7 13. Ne4 1-0